| 000 | 00499nam a2200169 i 4500 | ||
|---|---|---|---|
| 001 | 51311 | ||
| 003 | ES-MaACL | ||
| 005 | 20230906162332.0 | ||
| 007 | t| | ||
| 008 | 030812s1962 sp ||||1| spa d | ||
| 100 | 1 |
_aDadek, Walter. _942420 |
|
| 245 | 1 | 0 |
_aEconomía cinematográfica / _cWalter Dadek ; [traducción de Alvaro Soriano Trenor]. |
| 260 |
_aMadrid : _bRialp, _c1962. |
||
| 300 |
_a302 p. ; _c19 cm. |
||
| 700 | 1 |
_aSoriano Trenor, Alvaro. _9107402 |
|
| 852 |
_aES-MaACL _jC-22806 _bR.51373 |
||
| 999 |
_c51311 _d51311 |
||